Measuring up (Record no. 77857)

MARC details
000 -LEADER
fixed length control field 01338cab a2200217 4500
001 - CONTROL NUMBER
control field ##L135287
008 - FIXED-LENGTH DATA ELEMENTS--GENERAL INFORMATION
fixed length control field 061010n2006 000 0 eng u
035 ## - SYSTEM CONTROL NUMBER
System control number (Sirsi) u135287
041 0# - LANGUAGE CODE
Language code of text/sound track or separate title eng
100 1# - MAIN ENTRY--PERSONAL NAME
Personal name Richardson, Eleanor
245 00 - TITLE STATEMENT
Title Measuring up
260 ## - PUBLICATION, DISTRIBUTION, ETC.
Date of publication, distribution, etc. 2006
490 #0 - SERIES STATEMENT
Series statement New Law Journal
Volume/sequential designation 156(7243)
520 ## - SUMMARY, ETC.
Summary, etc. Discusses the inclusion of measuring clauses in property agreements, with particular reference to "Kilmartin SCI (Hulton House) Ltd v Safeway Stores" ([2006] EWHC 60 (Ch), L133093) and the RICS "Code of measuring practice". Several lessons can be learnt from "Kilmartin" which include: informing your lawyer of exactly what was taken into account when the area was agreed and whether it was agreed with reference to the RICS code; including a mechanism to vary the agreed minimum net internal area if changes in the design are agreed after exchange; and allowing flexibility in the contract to prevent the landlord and tenant relationship breaking down.
590 ## - LOCAL NOTE (RLIN)
Local note IKA171006 NTK
650 24 - SUBJECT ADDED ENTRY--TOPICAL TERM
Topical term or geographic name entry element KILMARTIN SCI (HULTON HOUSE) LTD V SAFEWAY STORES
650 24 - SUBJECT ADDED ENTRY--TOPICAL TERM
Topical term or geographic name entry element RICS CODE OF MEASURING PRACTICE
651 #4 - SUBJECT ADDED ENTRY--GEOGRAPHIC NAME
Geographic name England and Wales
Chronological subdivision 1543-
690 ## - LOCAL SUBJECT ADDED ENTRY--TOPICAL TERM (OCLC, RLIN)
Topical term or geographic name as entry element PROPERTY-COMMERCIAL PROPERTY-LEASEHOLD COMMERCIAL PROPERTY-COMMERCIAL LANDLORD AND TENANT-BUSINESS TENANCIES-BREACHING BUSINESS TENANCIES
942 ## - ADDED ENTRY ELEMENTS (KOHA)
Suppress in OPAC 0
Holdings
Withdrawn status Lost status Source of classification or shelving scheme Damaged status Not for loan Home library Current library Shelving location Date acquired Total Checkouts Full call number Barcode Date last seen Copy number Price effective from Koha item type
    Dewey Decimal Classification     London London Journal article 10/10/2006   L135287 135287-1001 06/08/2019 1 06/08/2019 Journal article